1361 1111 1737 1686 1355 1125 1355 1727 1805 1484 1214 1481 1718 1758 1268 1508 1962 1797 1884 1032 1849 1825 1404 1256 1743 1472 1284 1037 1831 1000 1613 1728 1128 1272 1007 1250 1463 1059 1627 1075 1054 1327 1500 1342 1160 1430 1851 1347 1683 1990 1926 1546 1315 1255 1922 1311 1879 1316 1002 1711 2000 1936 1298 1828 1902 1672 1057 1215 1824 1314 1803 1722 1262 1059 1696 1428 1911 1545 1645 1190 1191 1374 1080 1621 1060 1650 1560 1544 1410 1087 1374 1802 1878 1494 1720 1070 1547 1160 1033 BCNSPRNW ULIB Ver.6.0+V

เปลี่ยนเป็นภาษาไทย

Change to English
 แสดงรายละเอียดบรรณานุกรม
  กลับหน้าหลัก

Brief Record : Get Marc (ISO 2709) : E-mail record : QR code < ปิดหน้าต่าง
LEADER : 00000nam 2200000uu 4500
001    13399128764
003     ULIB
008    240828s2566||||th 000 0 tha d
020    ^a9786168322130
060    ^aWP100^bม196น^cล.1
100    ^aมรุต ญาณารณพ, พจนีย์ ผดุงเกียรติวัฒนา และพฤฒพร มณีรัตน์
245    ^aนรีเวชวิทยาคลินิก เล่ม 1 (Clinical Gynecology)
250    ^aพิมพ์ครั้งที่ 1
260    ^aกรุงเทพมหานคร :^bพริ้นท์เอเบิ้ล,^c2566
300    ^a672 หน้า^bภาพประกอบ, ตาราง, ภาคผนวก
650    ^aนรีเวชวิทยา
945    ^p550^l0^i010747
945    ^p550^l0^i010748
945    ^p550^l0^i010749
945    ^p550^l0^i010750
945    ^p550^l0^i010751
999    ^aประนอม เกษจรัล
รายการนี้ยังไม่มีแท็ก
คุณยังไม่ได้ล็อกอิน คุณสามารถมีกิจกรรมร่วมกับเว็บไซต์ได้ แต่ต้องล็อกอินก่อน ::
  ล็อกอิน

รายการสื่อสารสนเทศ

ลำดับที่ ประเภท เลขเรียก/บาร์โค้ด สถานที่ สถานะ
1. วิทยาศาสตร์การแพทย์ และสุขภาพ
วิทยาศาสตร์การแพทย์ และสุขภาพ
WP100 ม196น ล.1 ฉ.1 
  Barcode: 010747
ห้องสมุดวิทยาเขตสวรรค์ประชารักษ์
►หนังสือทั่วไป
บนชั้น
2. วิทยาศาสตร์การแพทย์ และสุขภาพ
วิทยาศาสตร์การแพทย์ และสุขภาพ
WP100 ม196น ล.1 ฉ.2 
  Barcode: 010748
ห้องสมุดวิทยาเขตสวรรค์ประชารักษ์
►หนังสือทั่วไป
บนชั้น
3. วิทยาศาสตร์การแพทย์ และสุขภาพ
วิทยาศาสตร์การแพทย์ และสุขภาพ
WP100 ม196น ล.1 ฉ.3 
  Barcode: 010749
ห้องสมุดวิทยาเขตสวรรค์ประชารักษ์
►หนังสือทั่วไป
บนชั้น
4. วิทยาศาสตร์การแพทย์ และสุขภาพ
วิทยาศาสตร์การแพทย์ และสุขภาพ
WP100 ม196น ล.1 ฉ.4 
  Barcode: 010750
ห้องสมุดวิทยาเขตสวรรค์ประชารักษ์
►หนังสือทั่วไป
บนชั้น
5. วิทยาศาสตร์การแพทย์ และสุขภาพ
วิทยาศาสตร์การแพทย์ และสุขภาพ
WP100 ม196น ล.1 ฉ.5 
  Barcode: 010751
ห้องสมุดวิทยาเขตสวรรค์ประชารักษ์
►หนังสือทั่วไป
บนชั้น

รายการใกล้เคียง
    หัวเรื่อง [นรีเวชวิทยา]

BibComment


ยังไม่เคยถูกคอมเมนท์

คอมเมนท์ทรัพยากรรายการนี้
  คอมเมนท์: นรีเวชวิทยาคลินิ..


 Copyright 2026. Bcnsprnw @Library